000 00830nam a2200205 a 4500
001 000037634
005 20201002031107.0
008 121010s1997 sp 000 0 spa d
020 _a8472327604
040 _aDO-SdBNP
_bspa
_cBNPHU
082 _axxxx
_bxxxx
100 1 _aFrancisco de San José
_d1560-1614
_cFray
_964106
245 1 0 _aArte y reglas de la lengua tagala /
_cFray Francisco de San José; estudio y edición de Antonio Quilis.
260 _aMadrid :
_bEdiciones de Cultura Hispánica, Agencia Española de Cooperación Internacional :
_bEdiciones UNESCO,
_c1997.
300 _a2 v. ;
_c20 cm.
500 _aVol. 1: Facsim. ed. of: Partido de Bataan : T.P. Tagalo, 1610.
504 _aBibliografía : p. 81-84
533 _av.1, Facsímil:
_bPartido de Bataan :
_cT.P. Tagalo
_d1610
700 1 _aQuilis, Antonio
_928481
999 _c37124
_d37124